Statistiques concernant Film français : Tintin et le mystère de la Toison d'or

Cliquez ici pour prendre le quiz!

Statistiques générales

  • Ce quiz a été pris 19 fois
  • Le résultat moyen est 15 sur 20

Statistiques - réponses

QuestionsRéponses% Correct
Acteur jouant le rôle de Tintin.Jean-Pierre Talbot
100%
Acteur jouant le rôle du Capitaine Haddock.Georges Wilson
94%
Capitale européenne des Balkans qui fut la première escale de La Toison d'or dans le film.Athènes
89%
Ville à cheval sur deux continents où est amarré La Toison d'or.Istanbul
89%
Nom du port de cette capitale où le bateau accosta.Le Pirée
89%
Personnage récurrent des aventures de Tintin qui tient une longue et absurde conversation avec cet animal.Tryphon Tournesol
89%
Réalisateur initialement contacté par le producteur André Barret pour mettre Tintin à l'écran. Il rêvait de tourner L'Île noire en studio mais le projet s'avérait trop coûteux. Il sera plus tard connu pour "Mon oncle d'Amérique" ou encore "On connaît la chanson".Alain Resnais
83%
Réalisateur également approché par André Barret qui refusa la proposition car cela ne l'amusait guère de tourner un film sans personnage féminin majeur. Plutôt que d'adapter Tintin à l'écran, il lui rendit un hommage appuyé à travers le film "L'homme de Rio" trois ans plus tard.Philippe de Broca
83%
Créateur original des personnages du film qui a annoté minutieusement les différentes versions du script et choisi l'acteur qui devait incarner Tintin.Hergé
78%
Réalisateur du film.Jean-Jacques Vierne
78%
Oiseau qu'est Romulus, que l'on retrouve sur le bateau, "La Toison d'or".Un perroquet
78%
Voie par laquelle Haddock se retrouve propriétaire de La Toison d'or, bateau qui appartenait jadis à son ami Thémistocle Paparanic.Un héritage
72%
Région du nord de ce pays des Balkans dans lequel La Toison d'or a débarqué, région où l'on retrouve la formation géologique des Météores qui abrite des "monastères suspendus au ciel", perchés sur des pitons rocheux. L'un de ces pitons rocheux servait de cadre à une scène emblématique du film.La Thessalie
67%
Danse traditionnelle de ce pays à laquelle se joignit Haddock.Le sirtaki
67%
Auteur principal du scénario du film.Remo Forlani
67%
Complétez cette réplique : "Non, je ne m'encombre jamais d'un revolver. Mes pieds et mes mains ______".Suffisent
67%
Année de sortie du film.1961
61%
Acteur jouant le rôle d'Alexandre ancien compagnon de lutte de Paparanic devenu ermite dans ce "monastère suspendu au ciel", acteur également célèbre pour ses prestations dans "Le salaire de la peur" de Clouzot, "La main au collet" d'Hitchcock ou encore "La Mort en ce jardin" de Buñuel.Charles Vanel
61%
Acteur connu plus tard pour son rôle dans Le Crabe Tambour qui doubla la voix de Dupond et Dupont, physiquement incarnés par les frères Gamonal.Jacques Dufilho
50%
Auteur de bandes dessinées français ayant également participé à l'élaboration du scénario.René Goscinny
50%

Distribution des résultats

Percentile par nombre de réponses

% des personnes avec chaque résultat

Votre développement - résultats

Vous n’avez pas pris ce quiz